| 000 | 00605nam a2200193Ia 4500 | ||
|---|---|---|---|
| 008 | 190805s9999||||xx |||||||||||||| ||und|| | ||
| 020 |
_a9789332568853 _cRs. 689.00 |
||
| 082 | 0 | 4 |
_a658.403 _bR2926 |
| 100 | 1 | _aRender, Barry | |
| 245 | 1 | 0 |
_aQuantitative Analysis for Management / _cBarry Render [et al.] |
| 250 | _a12th ed. | ||
| 260 |
_aNoida : _bPearson India Education Ltd., _c2016, reprinted 2018 |
||
| 300 |
_axviii, 621 p. _b : ill. _c; 28 cm. |
||
| 650 | 0 |
_aManagement science _vTextbooks |
|
| 700 | 1 | _aHanna, Michael E. | |
| 700 | 1 | _aStair, Ralph M. | |
| 942 | _cBK | ||
| 999 |
_c322 _d322 |
||